Central Library OPAC University of Rajshahi

Ten famous plays / (Record no. 20752)

MARC details
000 -LEADER
fixed length control field 00662nam a22002177a 4500
001 - CONTROL NUMBER
control field 20752
003 - CONTROL NUMBER IDENTIFIER
rucl marc code BD-RjUL
005 - DATE AND TIME OF LATEST TRANSACTION
control field 20211209000615.0
008 - FIXED-LENGTH DATA ELEMENTS--GENERAL INFORMATION
fixed length control field 140302r19521941enkc 001 0 eng d
035 ## - SYSTEM CONTROL NUMBER
System control number (BD-RjUL)20814
040 ## - CATALOGING SOURCE
Original cataloging agency BD-RjUL
Language of cataloging eng
Transcribing agency BD-RjUL
041 ## - LANGUAGE CODE
Language code of text/sound track or separate title eng
082 ## - DEWEY DECIMAL CLASSIFICATION NUMBER
Classification number 822.91
Author mark and year GAT 1952
100 1# - MAIN ENTRY--PERSONAL NAME
Personal name Gasworthy, John.
9 (RLIN) 64071
245 ## - TITLE STATEMENT
Title Ten famous plays /
Statement of responsibility, etc. by John Galsworthy, introduction by Eric Gillett.
260 ## - PUBLICATION, DISTRIBUTION, ETC. (IMPRINT)
Place of publication, distribution, etc. London :
Name of publisher, distributor, etc. Duckworth,
Date of publication, distribution, etc. [Reprinted 1952].
300 ## - PHYSICAL DESCRIPTION
Pagination [714] p. ;
Size 19 cm.
500 ## - GENERAL NOTE
General note Various pagings. "This edition first published 1941."
650 #0 - SUBJECT ADDED ENTRY--TOPICAL TERM
Topical term or geographic name as entry element English drama
Form subdivision 20th century
9 (RLIN) 64072
942 ## - ADDED ENTRY ELEMENTS (KOHA)
Source of classification or shelving scheme Dewey Decimal Classification
Koha item type Books
Holdings
Lost status Source of classification or shelving scheme Damaged status Not for loan Collection code Permanent Location Current Location Shelving location Date acquired Source of acquisition Cost, normal purchase price Total Checkouts Full call number Date last seen Copy number Koha item type
  Dewey Decimal Classification   Added to bundle Fiction Central Library, University of Rajshahi Central Library, University of Rajshahi Reading Room 04/08/1956 B. H. Bluckwell 1.10   822.91 GAT 1952 02/03/2014 C-1 Books